| 000 | 01424cam a2200325 a 4500 | ||
|---|---|---|---|
| 001 | 15275128 | ||
| 003 | ARRUPE | ||
| 005 | 20140130113310.0 | ||
| 008 | 080424s2008 miu b 001 0 eng | ||
| 010 | _a 2008018549 | ||
| 020 | _a9780802863409 (pbk. : alk. paper) | ||
| 020 | _a080286340X (pbk. : alk. paper) | ||
| 035 | _a(OCoLC)ocn227002081 | ||
| 035 |
_a(OCoLC)227002081 _z(OCoLC)213452260 |
||
| 040 |
_aDLC _cDLC _dYDXCP _dBTCTA _dC#P _dBWX _dCDX _dDLC |
||
| 050 | 0 | 0 |
_aBT203 _b.B34 2008 |
| 082 | 0 | 0 |
_a232 _222 |
| 100 | 1 |
_aBaggett, John. _97292 |
|
| 245 | 1 | 0 |
_aSeeing through the eyes of Jesus : _bhis revolutionary view of reality and his transcendent significance for faith / _cJohn Baggett. |
| 260 |
_aGrand Rapids, Mich. : _bWilliam B. Eerdmans Pub., _c2008. |
||
| 300 |
_aix, 409 p. ; _c23 cm. |
||
| 504 | _aIncludes bibliographical references (p. 381-388) and indexes. | ||
| 505 | 0 | _aSeeing through the eyes of Jesus -- Seeing Jesus through the eyes of faith. | |
| 600 | 0 | 0 |
_aJesus Christ _xPerson and offices. _97293 |
| 650 | 0 |
_aChristianity _xPhilosophy. _97294 |
|
| 856 | 4 | 1 |
_3Table of contents only _uhttp://www.loc.gov/catdir/toc/ecip0817/2008018549.html |
| 906 |
_a7 _bcbc _corignew _d1 _eecip _f20 _gy-gencatlg |
||
| 942 |
_2lcc _cMONOGRAPH |
||
| 999 |
_c119768 _d119768 |
||